000 00648nam a2200217 a 4500
001 29117
003 BD-RjUL
005 20211209051356.0
008 180911s1907 enk 000 0 eng d
035 _a(BD-RjUL)29202
040 _aBD-RjUL
_beng
_cBD-RjUL
041 _aeng
082 _223
_a171
_bSPD 1907
100 1 _aSpencer, Herbert,
_d1820-1903.
_9222426
245 1 4 _aThe data of ethics /
_cby Herbert Spencer.
260 _aLondon :
_bWilliams & Norgate,
_c1907.
300 _aviii, 264 p. ;
_c22 cm.
500 _aOriginally published: London : Williams and Norgate, 1879.
650 0 _aEthics, Evolutionary.
_9222427
942 _2ddc
_cRAR
999 _c29117
_d29117